000 00322nam a2200121Ia 4500
005 20260326100029.0
008 260326s9999||||xx |||||||||||||| ||und||
100 _aCamacho Angarita, Alberto
245 0 _aCartagena de Indias /
_cAlberto Camacho Angarita
260 _bAntena
650 _aARQUITECTURA REGIONAL
942 _cBK
999 _c6546
_d6546